Chile o una loca geografía

Salvato in:
Dettagli Bibliografici
Autore principale: Subercaseaux, Benjamín (Autore)
Natura: Libro
Lingua:spagnolo
Pubblicazione: Santiago Ercilla 1940
Edizione:12a. ed
Soggetti:
Tags: Aggiungi Tag
Nessun Tag, puoi essere il primo ad aggiungerne!!

MARC

LEADER 00000nam a2200000 a 4500
001 UCH6719
003 CL-VaPUC
008 091109e19400000CL |||||||||||||||||spa|d
082 0 4 |a Ch864  |b SUB  |2 21 
100 0 |a Subercaseaux, Benjamín  |e author  |9 505166 
245 1 0 |a Chile o una loca geografía 
250 |a 12a. ed 
300 |a 323 p 
942 |c BK 
945 |d 20091109 00:00:00  |a lazolas 
260 |a Santiago  |b Ercilla  |c 1940 
650 0 |a Literatura chilena   |9 308278 
650 0 |a Ensayos chilenos   |9 269132 
650 0 |a Geografía  |9 259346 
651 7 |a CHILE  |2 CL-VaPUC  |9 543337 
583 |a last modification  |c 20091109 00:00:00  |k Rodrigo Vera 
999 |c 337552  |d 337550